Paroles Une Douce Lueur - Le Bossu de Notre-Dame - Statistiques

Statistiques générales
  • Ce quiz a été pris 7 fois
  • Le résultat moyen est 73 sur 91
Statistiques - réponses
Paroles % Correct
à
100%
ce
100%
Ce
100%
de
100%
de
100%
la
100%
la
100%
la
100%
le
100%
le
100%
me
100%
mes
100%
mes
100%
mon
100%
mon
100%
mon
100%
mon
100%
vu
100%
vu
100%
yeux,
100%
amoureux :
80%
Ange,
80%
baiser
80%
bat
80%
carillon
80%
Cette
80%
chagrins.
80%
Ciel.
80%
Ciel.
80%
cœur,
80%
Quasimodo Combien
80%
comme
80%
comme
80%
Couples
80%
dans
80%
des
80%
donné,
80%
du
80%
du
80%
D'un
80%
effacer
80%
Effraie
80%
Elle
80%
elle.
80%
Est
80%
Et
80%
Et
80%
étrange
80%
feu
80%
fois
80%
J'ai
80%
J'étais
80%
laideur
80%
lueur,
80%
lumière
80%
lumière
80%
m'a
80%
matin,
80%
ombre
80%
Ont
80%
peur,
80%
pour
80%
Que
80%
qui
80%
Qui
80%
rappelle,
80%
sans
80%
sans
80%
soir.
80%
soleil,
80%
Sur
80%
sur
80%
un
80%
un
80%
un
80%
un
80%
une
80%
visage,
80%
âme
60%
chemin,
60%
douceur,
60%
D'une
60%
heureux
60%
Ils
60%
infinie
60%
vitrail.
60%
d'espoir.
40%
flânant
40%
rayonnaient
40%
s'illuminait
40%
sourire
40%
Aucun quiz correspondant
Distribution des résultats
% des personnes avec chaque résultat
Percentile par nombre de réponses
Votre historique - résultats
Vous n’avez pas pris ce quiz